Normal view
MARC view
- JACKSON, MARTIN,CASSEL, DON
Entry Personal Name
001 - CONTROL NUMBER
- control field: 76271
003 - CONTROL NUMBER IDENTIFIER
- control field: NUST
005 - DATE AND TIME OF LATEST TRANSACTION
- control field: 20210628205620.0
008 - FIXED-LENGTH DATA ELEMENTS
- fixed length control field: 210628|| aca||aabn | a|a d
040 ## - CATALOGING SOURCE
- Original cataloging agency: NUST
- Transcribing agency: NUST
100 ## - HEADING--PERSONAL NAME
- Personal name: JACKSON, MARTIN,CASSEL, DON
670 ## - SOURCE DATA FOUND
- Source citation: Work cat.: (NUST): JACKSON, MARTIN,CASSEL, DON, INTRODUCTION TO COMPUTERS AND INFORMATION PROCESSING, 1980
